1411 1635 1426 1998 1136 1824 1918 1359 1576 1781 1027 1024 1422 1930 1233 1917 1016 1729 1279 1973 1075 1131 1388 1587 1790 1320 1840 1659 1546 1680 1381 1422 1147 1841 1877 1842 1608 1945 1463 1960 1900 1070 1624 1001 1317 1948 1277 1096 1521 1851 1749 1349 1665 1353 1825 1380 1593 1463 1179 1386 1145 1195 1704 1846 1227 1622 1389 1333 1264 1181 2000 1813 1011 1810 1741 1687 1529 1307 1173 1458 1851 1377 1051 1293 1398 1404 1035 1991 1494 1237 1996 1120 1808 1758 1582 1382 1296 1672 1470 BCNSPRNW ULIB Ver.6.0+V

เปลี่ยนเป็นภาษาไทย

Change to English
 แสดงรายละเอียดบรรณานุกรม
  กลับหน้าหลัก

Brief Record : Get Marc (ISO 2709) : E-mail record : QR code < ปิดหน้าต่าง
LEADER : 00000nam 2200000uu 4500
001    13399114014
003     ULIB
008    020711s2550 th a 000 0 tha d
020    ^a9749173899(ล.6)
050  4 ^aPE1116.M4^bป328บ ล.6
100    ^aบ็อบ ก็อดสัน
245    ^aบทสนทนาภาษาอังกฤษสำหรับบุคลากรทางการแพทย์. book 6= English for the medical profession manging a health life/^cบ็อบ ก็อดสัน
250    ^aพิมพ์ครั้งที่ 2
260    ^aกรุงเทพฯ :^bโรงพยาบาลบีเอ็นเอช (บางกอกเนอสซิ่งโฮม),^c2550
300    ^a131 หน้า
945    ^p150^l0^i023272
995    ทศพร
999 ^a ทศพร
รายการนี้ยังไม่มีแท็ก
คุณยังไม่ได้ล็อกอิน คุณสามารถมีกิจกรรมร่วมกับเว็บไซต์ได้ แต่ต้องล็อกอินก่อน ::
  ล็อกอิน

รายการสื่อสารสนเทศ

ลำดับที่ ประเภท เลขเรียก/บาร์โค้ด สถานที่ สถานะ
- ไม่พบข้อมูล -

BibComment


ยังไม่เคยถูกคอมเมนท์

คอมเมนท์ทรัพยากรรายการนี้
  คอมเมนท์: บทสนทนาภาษาอังกฤ..


 Copyright 2026. Bcnsprnw @Library